[Event "X Sants Open"]
[Site "Barcelona ESP"]
[Date "2008.08.26"]
[Round "5"]
[White "Rodshtein,M"]
[Black "Lorenzo de la Riva,L"]
[Result "1/2-1/2"]
[WhiteElo "2605"]
[BlackElo "2367"]

1.d4 Nf6 2.c4 e6 3.Nc3 c5 4.d5 exd5 5.cxd5 d6 6.Nf3 g6 7.Nd2 Bg7 8.Nc4 O-O
9.g3 Ng4 10.Bf4 Ne5 11.Nxe5 dxe5 12.Be3 b6 13.Bg2 Bb7 14.O-O Nd7 15.a4 a6
16.Ne4 Rb8 17.a5 bxa5 18.Nxc5 Nxc5 19.Bxc5 Re8 20.e4 Bc8 21.Qd2 Rb5 22.Rfc1 Bf8
23.d6 Rb7 24.Bf1 Rd7 25.Rd1 Bxd6 26.Bh3 Bxc5 27.Bxd7 Bxd7 28.Qxd7 Qb8 29.Rxa5 Bd4
30.Rxd4 exd4 31.Qxd4 Qb7 32.Rd5 Qe7 33.f3 Qc7 34.Rc5 Qb6 35.Kg2 Rd8 36.Qc3 Rd2+
37.Qxd2 Qxc5 38.b4 Qc4 39.g4 h6 40.h4 Kg7 41.Kf2 Kg8 42.e5 Kg7 43.Qb2 Kh7
44.Ke3 Kg8 45.Qd4 Qc1+ 46.Qd2 Qc4 47.Qd8+ Kh7 48.Qd4 Qc1+ 49.Qd2 Qc4 50.h5 gxh5
51.gxh5 Kg7 52.f4 Qb3+ 53.Ke4 Qc4+ 54.Kf3 Qf1+ 55.Kg4 Qg1+ 56.Kf3 Qf1+ 57.Qf2 Qd1+
58.Qe2 Qb3+ 59.Kg4 Qd5 60.Qe1 Qc4 61.Qd2 Qe4 62.Kg3 Qh1 63.Qe2 Qg1+ 64.Kf3 Qb6
65.Qc4 Qb7+ 66.Ke3 Qb6+ 67.Ke4 Qb7+ 68.Ke3 Qb6+ 69.Qd4 Qe6 70.Qd6 Qb3+ 71.Kd4 Qd1+
72.Kc5 Qxh5 73.Qxa6 Qh2 74.Qf6+ Kg8 75.b5 Qc2+ 76.Kb6 Qf2+ 77.Ka6 Qa2+ 78.Kb7 h5
79.Qg5+ Kf8 80.Qd8+ Kg7 81.f5 Qg2+ 82.Kb8 Qb2 83.Qf6+ Kg8 84.b6 h4 85.b7 h3
86.Qg5+ Kf8 87.Qd8+ Kg7 88.f6+ Kh6 89.Qh8+ Kg5 90.Qxh3 Qxe5+ 91.Kc8 Qc5+
92.Kd8 Qb6+ 93.Kc8 Qc6+ 94.Kb8 Qd6+ 95.Ka7 Qc5+  1/2-1/2

[Event "44th Rubinstein Mem Open A"]
[Site "Polanica Zdroj POL"]
[Date "2008.08.27"]
[Round "9"]
[White "Panocki,A"]
[Black "Kozak,Ma"]
[Result "1/2-1/2"]
[WhiteElo "2338"]
[BlackElo "2195"]

1.d4 Nf6 2.c4 e6 3.Nf3 c5 4.d5 exd5 5.cxd5 d6 6.Nc3 g6 7.g3 Bg7 8.Bg2 O-O
9.O-O Na6 10.Nd2 Nc7 11.Nc4 Nfe8 12.a4 f5 13.e4 fxe4 14.Nxe4 Rf5 15.Ne3 Rf8
16.Ng4 Kh8 17.Nh6 Nf6 18.Bg5 Nce8 19.f4 Qc7 20.Nc3 Ng8 21.Ng4 Nef6 22.Ne3 Ne7
23.Nb5 Qd7 24.Nc4 Nf5 25.Bh3 Ne4 26.Re1 Nxg5 27.fxg5 Qd8 28.Bxf5 Bxf5 29.Nbxd6 Qxg5
30.Ne5 Qf6 31.Ndc4 Bh3 32.Re2 Rad8 33.d6 Qf5 34.Qe1 b6 35.Re4 Qg5 36.Rh4 Be6
37.Qe4 Rf5 38.Re1 Bg8 39.d7 Rdf8 40.Rg4 Qf6 41.Rf4 Rxf4 42.gxf4 Qh4 43.Nd6 Bf6
44.Re3 Bd8 45.Rf3 Qf6 46.Nb7 Be6 47.Nc6 Bxd7 48.Ncxd8 Qxb2 49.Rf2 Qa1+ 50.Rf1 Qf6
51.Qe5 Qxe5 52.fxe5 Rxf1+ 53.Kxf1 Bxa4 54.Ke2 Kg7 55.Ne6+ Kf7 56.Ng5+ Ke7
57.Nxh7 Bc6 58.Nd6 Ke6 59.Nc8 Kxe5 60.Nxa7 Bd7 61.Nf8 Bf5 62.Nh7 Bd7 63.Nf8 Bf5  1/2-1/2

[Event "17th CRO-chT 1a"]
[Site "Sibenik CRO"]
[Date "2008.09.01"]
[Round "5"]
[White "Hulak,K"]
[Black "Cebalo,M"]
[Result "1/2-1/2"]
[WhiteElo "2546"]
[BlackElo "2523"]

1.d4 Nf6 2.c4 e6 3.Nf3 c5 4.d5 d6 5.Nc3 exd5 6.cxd5 g6 7.Nd2 Bg7 8.e4 O-O
9.Be2 Na6 10.O-O Ne8 11.Nc4 f5 12.exf5 Bxf5 13.Be3 Nac7 14.a4 Rb8 15.Qd2 Qe7
16.Rfe1 Qf7 17.Rad1 b6 18.b3 a6 19.g4 Bxc3 20.Qxc3 Be4 21.f3 Nxd5 22.Qb2 Bxf3
23.Rf1 Nxe3 24.Nxe3 Qe6 25.Rxf3 Rxf3 26.Bc4 Rxe3 27.Qf2 Kg7 28.Bxe6 Rxe6
29.g5 Re5 30.h4 Rf5 31.Qe2 b5 32.axb5 axb5 33.Ra1 Rf7 34.Qe6 b4 35.Kg2 Rd8
36.Rf1  1/2-1/2

[Event "SuperLiga-ROM"]
[Site "Eforie Nord ROM"]
[Date "2008.09.02"]
[Round "2"]
[White "Miroshnichenko,E"]
[Black "Ionescu,Co"]
[Result "1-0"]
[WhiteElo "2593"]
[BlackElo "2428"]

1.d4 Nf6 2.c4 e6 3.Nf3 c5 4.d5 d6 5.Nc3 exd5 6.cxd5 g6 7.h3 a6 8.e4 b5 9.Bd3 Bg7
10.a3 O-O 11.O-O Nbd7 12.Re1 Re8 13.Rb1 Qc7 14.Bd2 Bb7 15.b4 Rac8 16.a4 cxb4
17.Rxb4 Nc5 18.Bc2 Nxa4 19.Bxa4 bxa4 20.Qxa4 Nd7 21.Reb1 Nc5 22.Qa3 Ba8 23.Rc4 Qd7
24.Na4 Nxe4 25.Nb6 Qb7 26.Rxc8 Rxc8 27.Be3 Nc3 28.Rb3 Nb5 29.Qa4 Re8 30.Nd2 f5
31.Ndc4 h6 32.Qa2 f4 33.Bxf4 Qf7 34.Qd2 g5 35.Bg3 Bb7 36.Kh2 Qc7 37.Re3 Re7
38.Qd3 Rxe3  1-0

[Event "7th Open"]
[Site "Izmir TUR"]
[Date "2008.09.02"]
[Round "5"]
[White "Atalik,S"]
[Black "Esen,B"]
[Result "1/2-1/2"]
[WhiteElo "2585"]
[BlackElo "2448"]

1.d4 e6 2.c4 Nf6 3.Nf3 c5 4.d5 d6 5.Nc3 exd5 6.cxd5 g6 7.Nd2 Bg7 8.e4 O-O
9.Be2 Na6 10.O-O Nc7 11.a4 Nfe8 12.Nc4 f5 13.exf5 Rxf5 14.Bf3 b6 15.Re1 Bb7
16.Bg4 Rf8 17.g3 Bd4 18.Be3 Bxc3 19.bxc3 Bxd5 20.Nd2 Qf6 21.c4 Bc6 22.Qb1 Ng7
23.Ne4 Bxe4 24.Qxe4 Nf5 25.Bxf5 Qxf5 26.Qxf5 Rxf5 27.Bf4 Rd8 28.Red1 Ne8
29.a5 Rf7 30.axb6 axb6 31.Ra6 Rb7 32.Rb1 Rdb8 33.Rd1 Kf7 34.Ra2 b5 35.cxb5 Rxb5
36.Bxd6 Rd8 37.Rad2 Rxd6 38.Rxd6 Nxd6 39.Rxd6 Ke7 40.Ra6 c4 41.Kf1 c3 42.Rc6 Rb1+
43.Ke2 Rb2+ 44.Ke3 c2 45.Kd2 c1=Q+ 46.Kxc1 Rxf2 47.Rc7+ Kf6 48.Rxh7 Kg5 49.Kd1 Ra2
50.Ke1 Rb2 51.Kf1 Ra2 52.Kg1 Rb2 53.Rf7 Kg4 54.Rf4+ Kg5 55.Rf2 Rb7 56.Kg2 Kh6
57.h4 g5 58.Rf6+ Kg7 59.hxg5  1/2-1/2

[Event "ch-POR"]
[Site "Almada POR"]
[Date "2008.09.03"]
[Round "8"]
[White "Andrade,Jo"]
[Black "Fernando,D"]
[Result "1/2-1/2"]
[WhiteElo "2290"]
[BlackElo "2449"]

1.d4 Nf6 2.Nf3 e6 3.c4 c5 4.d5 d6 5.Nc3 exd5 6.cxd5 g6 7.e4 Bg7 8.Bd3 O-O
9.O-O Re8 10.Re1 a6 11.a4 Nbd7 12.Nd2 Rb8 13.Bf1 Nh5 14.g3 Ne5 15.Be2 Nf6
16.a5 b5 17.axb6 Qxb6 18.Kg2 Qc7 19.f4 Ned7 20.Ra3 Ra8 21.Bf3 Rb8 22.Nc4 Nb6
23.Na5 Qd7 24.Kh1 Ng4 25.Qe2 h5 26.Nc6 Ra8 27.e5 dxe5 28.Rb3 Qc7 29.d6 Qxd6
30.Rxb6 Bf5 31.Rd1 Qe6 32.Nd5 Kh7 33.Nc7 Qa2 34.Nxa8 e4 35.Bg2 Rxa8 36.Ne7 Bd4
37.Rf1 Be6 38.Bxe4 Bc4 39.Bd3 Bxd3 40.Qxd3 Re8 41.Rxa6 c4 42.Rxa2 cxd3 43.h3 Nf2+
44.Kg2 Rxe7 45.Rxf2 Bxf2 46.Kxf2 Re2+ 47.Kf3 d2 48.Bxd2 Rxd2 49.Ra7 Rxb2
50.Rxf7+ Kg8 51.Rc7 Rb3+ 52.Kf2 Ra3 53.Re7 h4 54.Re3 hxg3+ 55.Rxg3 Ra2+ 56.Ke3  1/2-1/2

[Event "Autumn-1"]
[Site "Alushta UKR"]
[Date "2008.09.06"]
[Round "5"]
[White "Ipatov,A UKR"]
[Black "Ibrayev,N"]
[Result "1-0"]
[WhiteElo "2433"]
[BlackElo "2518"]

1.d4 Nf6 2.c4 e6 3.Nf3 c5 4.d5 exd5 5.cxd5 d6 6.Nc3 g6 7.e4 Bg7 8.h3 O-O
9.Bd3 a6 10.a4 Re8 11.O-O Nh5 12.Re1 Nd7 13.Be3 h6 14.Rb1 Rb8 15.Qd2 g5 16.b4 cxb4
17.Rxb4 Qa5 18.Reb1 Nc5 19.Nd4 Qc7 20.Bc2 Nf6 21.f3 Nh7 22.Nce2 Nf8 23.Ng3 Ng6
24.Nh5 Be5 25.Nf5 Kh7 26.Nxh6 Kxh6 27.Bxg5+ Kh7 28.f4 Bh8 29.e5 dxe5 30.d6 Qc6
31.fxe5 Rxe5 32.Rh4 Kg8 33.Bxg6 fxg6 34.Nf6+ Bxf6 35.Bxf6 Ne4 36.Qh6 Qc5+
37.Kh2 Kf7 38.Qg7+  1-0

[Event "I Liga Seniorow"]
[Site "Ustron POL"]
[Date "2008.09.06"]
[Round "1"]
[White "Stysiak,S"]
[Black "Dobrowolski,P"]
[Result "0-1"]
[WhiteElo "2275"]
[BlackElo "2426"]

1.d4 Nf6 2.c4 e6 3.Nf3 c5 4.d5 exd5 5.cxd5 d6 6.Nc3 g6 7.Bf4 a6 8.a4 Bg7
9.e3 O-O 10.Be2 Qe7 11.Nd2 Nbd7 12.Nc4 Ne8 13.O-O f5 14.h3 Rb8 15.a5 Ne5
16.Bxe5 Bxe5 17.Na4 Bg7 18.Rb1 Nf6 19.Nab6 Ne4 20.Qa4 h5 21.Bd3 g5 22.Rfc1 g4
23.Bxe4 fxe4 24.Nxc8 Rbxc8 25.hxg4 hxg4 26.Nd2 g3 27.fxg3 Qg5 28.Qb3 Qxg3
29.Nxe4 Qh4 30.Qc2 Rce8 31.Nxd6 Rxe3 32.Rf1 Re1 33.Qg6 Rfxf1+  0-1

[Event "Open A"]
[Site "Graz SUI"]
[Date "2008.09.07"]
[Round "9"]
[White "Zoebisch,H"]
[Black "Saxer,Be"]
[Result "1-0"]
[WhiteElo "2133"]
[BlackElo "2008"]

1.d4 Nf6 2.c4 c5 3.d5 e6 4.Nc3 exd5 5.cxd5 d6 6.Nf3 g6 7.Nd2 Nbd7 8.e4 a6
9.a4 Bg7 10.Be2 O-O 11.O-O Re8 12.f4 Rb8 13.Kh1 Nb6 14.Bf3 Na8 15.Nc4 Nb6
16.Nxb6 Qxb6 17.e5 Nd7 18.a5 Qd8 19.e6 Nf6 20.f5 gxf5 21.exf7+ Kxf7 22.Bg5 Kg8
23.Qd2 b5 24.Ne2 Qd7 25.Nf4 Ne4 26.Bxe4 Rxe4 27.Ne6 Qf7 28.Nxg7 Qxg7 29.Bh6 Qg6
30.Rae1 Rxe1 31.Rxe1 b4 32.Re8+ Kf7 33.Rf8+ Ke7 34.Qe3+ Kd7 35.Bg5 Kc7 36.Qe7+ Bd7
37.Rf7 Qxf7 38.Qxf7 c4 39.Qf6 c3 40.bxc3 b3 41.Bf4  1-0

[Event "7th Georgiev - Kesarovski Mem"]
[Site "Sunny Beach BUL"]
[Date "2008.09.08"]
[Round "1"]
[White "Armstrong,M"]
[Black "Savov,P"]
[Result "1-0"]
[WhiteElo "2077"]
[BlackElo "1986"]

1.d4 Nf6 2.Nf3 e6 3.c4 c5 4.d5 exd5 5.cxd5 d6 6.Nc3 g6 7.e4 Bg7 8.h3 a6 9.a4 O-O
10.Be2 Re8 11.Qc2 Qe7 12.Nd2 Nbd7 13.O-O b6 14.f4 Bb7 15.Bf3 Rab8 16.Nc4 Bc8
17.Bd2 Nf8 18.Rae1 b5 19.axb5 axb5 20.Na5 Qc7 21.Nc6 Rb6 22.e5 dxe5 23.fxe5 Nh5
24.d6 Qd7 25.Nd5 Rxc6 26.Ne7+ Rxe7 27.dxe7 Ne6 28.Bxc6 Qxc6 29.Qd3 Qe8 30.g4 c4
31.Qd6 Ng3 32.Rf3 Ne4 33.Rxe4 Bb7 34.Ref4 Nxf4 35.Rxf4 Bc6 36.Rf1 Qd7 37.Qxd7 Bxd7
38.Bc3 Bh6 39.Rd1 Be3+ 40.Kf1  1-0

[Event "IV Geller Memorial"]
[Site "Odessa UKR"]
[Date "2008.09.10"]
[Round "2"]
[White "Kutsykh,M"]
[Black "Pavlov,S2"]
[Result "1/2-1/2"]
[WhiteElo "2268"]
[BlackElo "2433"]

1.d4 Nf6 2.Nf3 e6 3.c4 c5 4.d5 exd5 5.cxd5 d6 6.Nc3 g6 7.Bf4 Bg7 8.Qa4+ Bd7
9.Qb3 b5 10.Nxb5 Qa5+ 11.Nc3 Ne4 12.Rc1 Na6 13.e3 O-O 14.Bxa6 Nxc3 15.O-O Rfb8
16.Qc4 Rxb2 17.Bxd6 Ne2+ 18.Qxe2 Rxe2 19.Bxe2 Qxa2 20.Bc4 Qa5 21.e4 Re8 22.e5 Bg4
23.Rfe1 Bxf3 24.gxf3 Bh6 25.Rcd1 Qb4 26.Bf1 Qh4 27.Bb5 Bf4 28.Bxe8 Qh3 29.Bxf7+ Kg7
30.Be6 Bxh2+ 31.Kh1 Qxf3+ 32.Kxh2 Qxf2+ 33.Kh1 Qf3+ 34.Kg1 Qg3+ 35.Kh1 Qf3+
36.Kg1 Qg3+ 37.Kh1  1/2-1/2

[Event "7th Georgiev - Kesarovski Mem"]
[Site "Sunny Beach BUL"]
[Date "2008.09.10"]
[Round "4"]
[White "Rusev,K"]
[Black "Lilov,V2"]
[Result "1-0"]
[WhiteElo "2508"]
[BlackElo "2382"]

1.d4 Nf6 2.c4 c5 3.d5 e6 4.Nf3 exd5 5.cxd5 d6 6.Nc3 g6 7.h3 Bg7 8.e4 O-O
9.Bg5 b6 10.Bd3 Ba6 11.O-O c4 12.Bc2 b5 13.a3 Nbd7 14.Nd4 Qb6 15.Be3 Nc5
16.f4 Nfd7 17.Nf3 b4 18.axb4 Qxb4 19.Ra2 Qb7 20.Ba4 Qc8 21.Bxd7 Nxd7 22.Bd4 Nc5
23.Bxg7 Kxg7 24.f5 Nd3 25.Qd2 h6 26.Qe3 Kh7 27.Kh2 Qb7 28.Qd4 Nc5 29.e5 gxf5
30.exd6 Qb6 31.Qf6 Rad8 32.Qxf5+ Kg8 33.Qg4+ Kh8 34.Qd4+ Kg8 35.Nh4 Qxd6+
36.Kh1 f5 37.Nxf5 Qd7 38.Qxc5 Rxf5 39.Rxf5 Qxf5 40.Rxa6 Qf1+ 41.Qg1 Qf4 42.Ra1 Rf8
43.Rd1 Rf6 44.Qxa7  1-0

[Event "DMP Ekstraliga"]
[Site "Karpacz POL"]
[Date "2008.09.11"]
[Round "6"]
[White "Praszak,M"]
[Black "Butkiewicz,L"]
[Result "1/2-1/2"]
[WhiteElo "2235"]
[BlackElo "2284"]

1.d4 Nf6 2.c4 c5 3.d5 e6 4.Nc3 exd5 5.cxd5 d6 6.Nf3 g6 7.Bf4 a6 8.a4 Bg7
9.e3 O-O 10.h3 Qe7 11.Be2 Nbd7 12.O-O Rb8 13.Re1 h6 14.Bf1 Ne8 15.e4 g5 16.Bg3 Ne5
17.Nxe5 Bxe5 18.Bxe5 Qxe5 19.Ra3 b6 20.Qd2 Nc7 21.Nd1 Re8 22.Rae3 Bd7 23.b3 b5
24.Nb2 Qd4 25.Rd3 Qg7 26.axb5 axb5 27.Rg3 Ra8 28.Nd3 Qd4 29.Qf4 Nxd5 30.Qxd6 Nf6
31.Qxc5 Rxe4 32.Rxe4 Qxe4 33.Ne5 Be6 34.Qxb5 Ra1 35.Ng4 Bxg4 36.hxg4 Nxg4
37.Rxg4 Rxf1+ 38.Kxf1 Qxg4 39.Qe8+ Kg7 40.Qe5+ Kg8 41.Qd6 Qe4 42.Qxh6 Qb1+
43.Ke2 Qc2+ 44.Kf3 Qxb3+ 45.Kg4 Qb4+ 46.Kxg5 Qd2+ 47.Kh5 Qxf2 48.Qg5+ Kh7  1/2-1/2

[Event "Liga Nacional Ajedrez"]
[Site "Villa Martelli ARG"]
[Date "2008.09.20"]
[Round "7"]
[White "Alvarez,Ro2"]
[Black "Cuevas,A"]
[Result "1/2-1/2"]
[WhiteElo "2109"]
[BlackElo "2227"]

1.d4 Nf6 2.c4 c5 3.d5 e6 4.Nc3 exd5 5.cxd5 d6 6.Nf3 g6 7.e4 Bg7 8.Bd3 O-O
9.h3 b5 10.Nxb5 Nxe4 11.Bxe4 Re8 12.O-O Rxe4 13.Ng5 Rb4 14.Nc3 h6 15.Nf3 Ba6
16.Re1 Nd7 17.a3 Rb6 18.Na4 Rb7 19.Nc3 Nb6 20.Qc2 Nc4 21.h4 Rab8 22.Ra2 Na5
23.h5 Bc4 24.hxg6 Bxa2 25.gxf7+ Rxf7 26.Nxa2 Nb3 27.Be3 Qf6 28.Nc3 Qf5 29.Qd1 Qg4
30.Qe2 c4 31.Nd4 Qxe2 32.Ndxe2 a6 33.Rd1 Na5 34.Bc1 Rc7 35.Kf1 Nb7 36.Nd4 Rf7
37.Ne6 Na5 38.Nxg7 Kxg7 39.Ne4 Rd7 40.Bd2 Rb5  1/2-1/2

[Event "5th Highlands Open A"]
[Site "Zdar nad Sazavou CZE"]
[Date "2008.09.22"]
[Round "3"]
[White "Talla,V"]
[Black "Zvara,P"]
[Result "1-0"]
[WhiteElo "2407"]
[BlackElo "2409"]

1.d4 Nf6 2.c4 c5 3.d5 e6 4.Nc3 exd5 5.cxd5 d6 6.Nf3 g6 7.Nd2 Nbd7 8.e4 Bg7
9.Be2 O-O 10.O-O Re8 11.a4 Ne5 12.Re1 Nfg4 13.Nf1 Qh4 14.g3 Qh3 15.f4 Nc6
16.Nb5 Bd4+ 17.Nxd4 Nxd4 18.Bf3 Nf6 19.Bg2 Qg4 20.Qd3 Nxd5 21.Bd2 Nf6 22.Bc3 d5
23.Bxd4 dxe4 24.Bxf6  1-0

[Event "Tatry Open"]
[Site "Tatranske Zruby SVK"]
[Date "2008.09.29"]
[Round "4"]
[White "Drabek,M"]
[Black "Sikora,J"]
[Result "1/2-1/2"]
[WhiteElo "2071"]
[BlackElo "2241"]

1.d4 c5 2.d5 Nf6 3.c4 e6 4.Nc3 exd5 5.cxd5 d6 6.Nf3 g6 7.g3 Bg7 8.Bg2 O-O
9.O-O Na6 10.Nd2 Nc7 11.Nc4 Nfe8 12.a4 b6 13.Bf4 Ba6 14.Qb3 Bxc4 15.Qxc4 g5
16.Bd2 f5 17.e3 a6 18.Qd3 Rb8 19.Rab1 b5 20.axb5 axb5 21.b4 c4 22.Qc2 Qd7
23.Ra1 Be5 24.f4 gxf4 25.gxf4 Bg7 26.Ra5 Nf6 27.Bf3 Ra8 28.Rfa1 Rxa5 29.Rxa5 Kh8
30.Kh1 Ra8 31.Rxa8+ Nxa8 32.Qa2 Nc7 33.Qa7 Kg8 34.Qb7 Nfe8 35.Qa7 Kf8 36.Kg2 Bf6
37.Qa3 Qg7+ 38.Kh1 Qf7 39.Qa7 Qe7 40.Qa3 Bg7 41.Kg2 Qf7 42.Qa7 Qe7 43.Qa3 Nf6
44.Qa7 Ne4 45.Qb8+ Ne8 46.Nxe4 fxe4 47.Bh5 Bb2 48.Bxe8 Qxe8 49.Qxd6+ Kg8
50.Qc7 Qg6+ 51.Kf2 Qg4 52.Qd8+ Kf7 53.Qc7+ Ke8 54.Qc6+ Kf7 55.Qc7+ Kg6 56.Qc6+ Kg7
57.Qc7+ Kh6 58.Qc6+  1/2-1/2

[Event "17th CRO-chT 1a"]
[Site "Sibenik CRO"]
[Date "2008.09.30"]
[Round "4"]
[White "Zaja,I"]
[Black "Kutuzovic,B"]
[Result "1/2-1/2"]
[WhiteElo "2457"]
[BlackElo "2313"]

1.d4 Nf6 2.c4 e6 3.Nf3 c5 4.d5 exd5 5.cxd5 d6 6.Nc3 g6 7.Qa4+ Nbd7 8.Bf4 Nh5
9.Bg5 Be7 10.Bh6 a6 11.e4 Rb8 12.Bd3 Bf8 13.Bg5 Be7 14.Be3 O-O 15.Qc2 b5
16.O-O Bf6 17.a4 b4 18.Ne2 Ng7 19.Nc1 Be7 20.Bh6 Bf6 21.Nb3 Re8 22.Bf4 Qc7
23.h3 Bb7 24.Nbd2 Nh5 25.Bh2 Ne5 26.Nxe5 dxe5 27.Rfc1 Bg5 28.Rd1 Bc8 29.Nb3 Qe7
30.Qxc5 Qf6 31.Qc6 Qd8 32.Qc2 Rb6 33.Na5 Bf4 34.Bf1 Bd7 35.Qd3 Rf6 36.Nc6 Bxh2+
37.Kxh2 Qb6 38.Qe3 Qxe3 39.fxe3 Bxc6 40.dxc6 Rxc6 41.Rac1 Rec8 42.Rd8+ Rxd8
43.Rxc6 Rd2 44.b3 Kg7 45.Bxa6 Nf6 46.Bb7 h5 47.Rc1 Ra2 48.Bd5 Ra3 49.Rc7 Nxd5
50.exd5 Rxb3 51.a5 Ra3 52.Rc5 b3 53.Rb5 b2 54.Rxb2 Rxa5 55.Rd2 Kf8 56.Kg3 Ke7
57.e4 Ra3+ 58.Kf2 Ra4 59.Kf3 f5 60.exf5 gxf5 61.d6+ Kd7 62.Rd5 Re4 63.g4 hxg4+
64.hxg4 Rf4+ 65.Ke3 Rxg4  1/2-1/2

[Event "Zvenigorodskaya Open A"]
[Site "Zvenigorod RUS"]
[Date "2008.09.30"]
[Round "9"]
[White "Malakhatko,V"]
[Black "Chernobay,A"]
[Result "1-0"]
[WhiteElo "2612"]
[BlackElo "2421"]

1.d4 Nf6 2.c4 c5 3.d5 e6 4.Nc3 exd5 5.cxd5 d6 6.Nf3 g6 7.Nd2 a6 8.a4 Nbd7
9.e4 Bg7 10.Be2 O-O 11.O-O Re8 12.Re1 Rb8 13.Ra3 Ne5 14.a5 Nfg4 15.Nf1 Qh4
16.g3 Qh3 17.f3 Nxh2 18.Nxh2 Qxg3+ 19.Kh1 Ng4 20.fxg4 Be5 21.Nf1 Qh3+ 22.Kg1 Bd4+
23.Be3 Bxe3+ 24.Nxe3 Qxe3+ 25.Kg2 h5 26.Qc1 Qxc1 27.Rxc1 hxg4 28.Rb3 Kg7
29.Rb6 f5 30.Rf1 Kf6 31.Bxg4  1-0

[Event "1st WMSG Rapid Ind w"]
[Site "Beijing CHN"]
[Date "2008.10.06"]
[Round "7"]
[White "Golubenko,Valen"]
[Black "Tagnon,N"]
[Result "1-0"]
[WhiteElo "2273"]
[BlackElo "1956"]

1.d4 Nf6 2.c4 e6 3.Nf3 c5 4.d5 exd5 5.cxd5 d6 6.Nc3 g6 7.Bf4 Bg4 8.Qa4+ Nbd7
9.Nd2 Nh5 10.Qe4+ Qe7 11.Bxd6 Qxe4 12.Ndxe4 Bf5 13.Bxf8 Kxf8 14.Nd6 Nhf6
15.O-O-O b6 16.e4 Bg4 17.f3 Bh5 18.g4 Bxg4 19.fxg4 Nxg4 20.Rd2 Nde5 21.h3 Ne3
22.Re2 Ke7 23.Rxe3 Kxd6 24.Ba6 c4 25.Rd1 Rad8 26.b3 Kc5 27.Bxc4 Nxc4 28.bxc4 Kxc4
29.Kb2 a6 30.Ne2 a5 31.Rc1+ Kb5 32.Rc7 Rhf8 33.Nd4+ Ka6 34.a4 Rc8 35.Rec3  1-0

[Event "1st WMSG Blitz Team"]
[Site "Beijing CHN"]
[Date "2008.10.13"]
[Round "2"]
[White "Demac,E"]
[Black "Sandler,L"]
[Result "0-1"]
[WhiteElo "1993"]
[BlackElo "2357"]

1.d4 Nf6 2.c4 e6 3.Nf3 c5 4.d5 exd5 5.cxd5 d6 6.Nc3 g6 7.Bf4 a6 8.e4 Bg7
9.a4 O-O 10.Bd3 Re8 11.O-O Bg4 12.Qb3 Qe7 13.Nd2 Nh5 14.Bg3 Nxg3 15.hxg3 Qc7
16.Nc4 Bd4 17.Nb6 Ra7  0-1

[Event "1st WMSG Rapid Team"]
[Site "Beijing CHN"]
[Date "2008.10.14"]
[Round "2"]
[White "Demac,E"]
[Black "Chua Zheng Yuan,T"]
[Result "0-1"]
[WhiteElo "1993"]
[BlackElo "2139"]

1.d4 Nf6 2.Nf3 c5 3.d5 d6 4.c4 e6 5.Nc3 exd5 6.cxd5 g6 7.Bf4 a6 8.e4 Bg7
9.Qa4+ Bd7 10.Qb3 Qc7 11.e5 Nh5 12.exd6 Qc8 13.Bg5 f6 14.Be3 O-O 15.Qb6 Bg4
16.Qxc5 Qxc5 17.Bxc5 Nd7 18.Be3 Bxf3 19.gxf3 f5 20.f4 Bh6 21.Ne2 Rac8 22.Kd2 Ndf6
23.Bg2 Rfd8 24.Rac1 Rxc1 25.Rxc1 Ne8 26.Bf3 Nhf6 27.Bd4 Rxd6 28.Rc8 Kf7 29.Be5 Rd7
30.Nc3 Bf8 31.Kd3 Bb4 32.Kd4 Nd6 33.Rh8 Nde8 34.Bxf6 Nxf6 35.Rc8 Bd6 36.Ne2 Bc7
37.Kc5 Ne8 38.a4 Bd8 39.Nd4 Nd6 40.Ra8 Be7 41.Ne6 Ne4+ 42.Kd4 Nxf2 43.Rh8 Bf6+
44.Ke3 Bxh8 45.Kxf2 Bxb2 46.Nc5 Bd4+  0-1

[Event "XV PRO AM Open"]
[Site "Villa Martelli ARG"]
[Date "2008.10.16"]
[Round "7"]
[White "Quiroga,F"]
[Black "Cerda,G"]
[Result "1-0"]
[WhiteElo "2335"]
[BlackElo "2242"]

1.d4 Nf6 2.Nf3 e6 3.c4 c5 4.d5 d6 5.Nc3 exd5 6.cxd5 g6 7.e4 a6 8.a4 Bg4 9.Be2 Bxf3
10.Bxf3 Bg7 11.O-O O-O 12.Bf4 Qe7 13.Re1 Nbd7 14.a5 Ne8 15.Qd2 Nc7 16.Be2 Rfb8
17.Ra4 b5 18.axb6 Rxb6 19.Rea1 Rab8 20.R1a2 Rb3 21.h3 h6 22.Kh2 g5 23.Bg3 Bd4
24.Bc4 R3b6 25.Bxa6 h5 26.Kg1 h4 27.Bh2 Qf6 28.Bf1 Ne5 29.Ra5 Ne8 30.Ra6 Ng7
31.Rxb6 Rxb6 32.Nb5 Nh5 33.Ra8+ Kh7 34.Nxd4 cxd4 35.b4 Nf4 36.Bxf4 Qxf4 37.Qxd4 Rb7
38.b5 g4 39.hxg4 h3 40.Qc3 h2+ 41.Kh1 Nxg4 42.Qh8+  1-0

[Event "92nd ch-Marshall CC"]
[Site "New York USA"]
[Date "2008.10.17"]
[Round "1"]
[White "Kacheishvili,G"]
[Black "Hulse,B"]
[Result "1-0"]
[WhiteElo "2572"]
[BlackElo "2224"]

1.d4 Nf6 2.c4 e6 3.Nc3 c5 4.d5 exd5 5.cxd5 d6 6.Nf3 g6 7.Bf4 Bg7 8.e3 O-O
9.Be2 Na6 10.Nd2 Nc7 11.Nc4 b5 12.Nxd6 b4 13.Na4 Nfxd5 14.Bg3 Nb6 15.O-O Ne6
16.Bf3 Ba6 17.Bxa8 Bxf1 18.Bf3 Ba6 19.Rc1 Nxa4 20.Qxa4 Qb6 21.Qd7 Bxb2 22.Rb1 Bg7
23.Bd5 Bd3 24.Rd1 Bc2 25.Nxf7 Rxf7 26.Bxe6 Qxe6 27.Qxe6 Bxd1 28.Bd6 Ba4 29.Qc8+ Bf8
30.Bxc5 Bd7 31.Qd8 Be6 32.Bxb4 Bxa2 33.Bxf8 Rxf8 34.Qa5  1-0

[Event "WYCC Girls U18"]
[Site "Vung Tau City VIE"]
[Date "2008.10.26"]
[Round "7"]
[White "Nakhbayeva,G"]
[Black "Gosciniak,M"]
[Result "0-1"]
[WhiteElo "2201"]
[BlackElo "2161"]

1.d4 Nf6 2.c4 c5 3.d5 e6 4.Nc3 exd5 5.cxd5 d6 6.Nf3 g6 7.e4 Bg4 8.Bb5+ Nbd7
9.O-O a6 10.Be2 Bg7 11.Bf4 Bxf3 12.Bxf3 Qe7 13.a4 O-O 14.Qc2 Ne8 15.Bg3 Nc7
16.Be2 Rae8 17.Rae1 Rb8 18.a5 b5 19.axb6 Rxb6 20.f3 Rfb8 21.Rb1 Nf6 22.Na4 Nh5
23.Nxb6 Nxg3 24.hxg3 Bd4+ 25.Kh2 Qg5  0-1

[Event "Vasylyshyn Mem"]
[Site "Lviv UKR"]
[Date "2008.10.31"]
[Round "15"]
[White "Sulashvili,M"]
[Black "Zherebukh,Y"]
[Result "1/2-1/2"]
[WhiteElo "2495"]
[BlackElo "2473"]

1.d4 c5 2.d5 Nf6 3.Nf3 d6 4.c4 e6 5.Nc3 exd5 6.cxd5 g6 7.Qa4+ Bd7 8.Qb3 Bc8
9.Qa4+ Bd7 10.Qb3 Bc8 11.Qa4+  1/2-1/2

[Event "Open A"]
[Site "Le Touquet FRA"]
[Date "2008.11.01"]
[Round "9"]
[White "Geirnaert,S"]
[Black "Quillan,G"]
[Result "0-1"]
[WhiteElo "2353"]
[BlackElo "2329"]

1.d4 e6 2.c4 Nf6 3.Nf3 c5 4.d5 exd5 5.cxd5 d6 6.Nc3 g6 7.e4 Bg7 8.h3 O-O
9.Bd3 a6 10.a4 Nbd7 11.O-O Rb8 12.Bg5 h6 13.Be3 Qe7 14.Nd2 Ne5 15.Be2 g5
16.f4 gxf4 17.Rxf4 Bd7 18.Qf1 Ng6 19.Rf3 Nh7 20.Bd3 Ng5 21.Rf2 Be5 22.Qe2 Bg7
23.Qh5 Ne5 24.Bc2 b5 25.axb5 axb5 26.Ra7 b4 27.Ne2 Ra8 28.Rxa8 Rxa8 29.Ng3 Ra2
30.Bd1 Ra1 31.Rf1 c4 32.h4 Nh7 33.Bxh6 Rxd1 34.Rxd1 Bg4 35.Qxg4 Nxg4 36.Bxg7 Qa7+
37.Kh1 Nf2+ 38.Kh2 Nxd1 39.Nf5 c3 40.Nc4  0-1

[Event "21st Belgrade Trophy"]
[Site "Obrenovac SRB"]
[Date "2008.11.03"]
[Round "7"]
[White "Stojkovic,Mil SCG"]
[Black "Mitrovic,G"]
[Result "0-1"]
[WhiteElo "2120"]
[BlackElo "1859"]

1.d4 Nf6 2.c4 e6 3.Nf3 c5 4.d5 exd5 5.cxd5 d6 6.Nc3 g6 7.e4 Bg7 8.Bb5+ Bd7
9.a4 O-O 10.O-O a6 11.Bd3 Bg4 12.h3 Bxf3 13.Qxf3 Nbd7 14.Bf4 Qb6 15.Rab1 Rac8
16.g4 Ne8 17.Qg3 Ne5 18.Bc2 Nf6 19.Bc1 Nfd7 20.f4 Nc4 21.b3 Na5 22.Kh1 c4
23.Be3 Bd4 24.Bxd4 Qxd4 25.Rfd1 Qg7 26.b4 Nb3 27.Bxb3 cxb3 28.Rxb3 Rc4 29.Qd3 Rfc8
30.Ne2 Nf6 31.Rc3 Rxc3 32.Nxc3 Nxg4 33.hxg4 Rxc3 34.Qf1 Qh6+ 35.Kg1 Rg3+  0-1

[Event "TCh-NED 2008-9"]
[Site "Netherlands NED"]
[Date "2008.11.22"]
[Round "3"]
[White "Van de Griendt,JW"]
[Black "Jens,J"]
[Result "1-0"]
[WhiteElo "2357"]
[BlackElo "2397"]

1.d4 Nf6 2.c4 e6 3.Nf3 c5 4.d5 d6 5.Nc3 exd5 6.cxd5 g6 7.e4 a6 8.a4 Bg4 9.Qb3 Bxf3
10.Qxb7 Nbd7 11.gxf3 Bg7 12.Be2 O-O 13.O-O Qe7 14.Qb3 Nh5 15.f4 Ndf6 16.Re1 Bh6
17.e5 Nd7 18.Bxh5 gxh5 19.Ne4 Kh8 20.Nxd6 f5 21.Kh1 Rab8 22.Qf3 Rb6 23.Be3 Bg7
24.Qxh5 Rxd6 25.exd6 Qe4+ 26.f3 Qxd5 27.Rad1 Qc6 28.b3 Nf6 29.Qh3 Nd5 30.d7 Bc3
31.Qxf5 Rxf5 32.d8=Q+ Kg7 33.Rg1+  1-0

[Event "TCh-BEL 2008-9"]
[Site "Belgium BEL"]
[Date "2008.11.23"]
[Round "4"]
[White "Bruehl,A"]
[Black "Dambacher,M"]
[Result "1/2-1/2"]
[WhiteElo "2365"]
[BlackElo "2485"]

1.d4 Nf6 2.c4 e6 3.Nf3 c5 4.d5 d6 5.Nc3 exd5 6.cxd5 g6 7.g3 Bg7 8.Bg2 O-O
9.O-O a6 10.a4 Nbd7 11.Nd2 Re8 12.Nc4 Nb6 13.Na3 Bd7 14.e4 Qc7 15.h3 Rab8
16.a5 Nc8 17.Nc4 Bb5 18.Qb3 Bxc4 19.Qxc4 Nd7 20.Ra2 Ne5 21.Qa4 Qd7 22.Rd1 Qxa4
23.Rxa4 Na7 24.f4 Nd7 25.Bf1 Bd4+ 26.Kg2 Re7 27.Kf3 Rbe8 28.Bd3 Nc8 29.Ne2 Bg7
30.Nc3 Nf6 31.Nb1 Nd7 32.Na3 Bd4 33.Nc2 Bg7 34.Na3 Na7 35.Rd2 Bd4 36.Re2 Nf6
37.b4 Nd7 38.b5 axb5 39.Nxb5 Nxb5 40.Bxb5 Rd8 41.Bb2 Bxb2 42.Rxb2 f6 43.Bd3 Ra8
44.Kf2 Ra7 45.Bb5 Kf7 46.Kf3 Nb8 47.Ra3 Nd7 48.Bxd7 Rxd7 49.Rb6 Ke7 50.g4 Kf7
51.h4 h6 52.g5 hxg5 53.hxg5 fxg5 54.fxg5 Ra8 55.e5 dxe5 56.Ke4 Rad8 57.Rf3+ Kg7
58.Rff6 Rxd5 59.Rxb7+ Kh8 60.Rxg6 Rd4+ 61.Kxe5 R8d5+ 62.Ke6 Rd6+ 63.Kf7 Rd7+
64.Rxd7 Rxd7+ 65.Kf8 Rd8+ 66.Ke7 Ra8 67.a6 c4 68.Rf6 Kg7 69.Rc6  1/2-1/2

[Event "21st Belgrade Trophy"]
[Site "Obrenovac SRB"]
[Date "2008.11.27"]
[Round "1"]
[White "Damljanovic,B"]
[Black "Milanko,N"]
[Result "1-0"]
[WhiteElo "2596"]
[BlackElo "2095"]

1.d4 Nf6 2.Nf3 e6 3.c4 c5 4.d5 exd5 5.cxd5 d6 6.Nc3 g6 7.Bf4 Bg7 8.h3 O-O
9.e3 a6 10.a4 Re8 11.Bd3 Qe7 12.O-O Nbd7 13.Nd2 Ne5 14.Be2 Nfd7 15.Qc2 f5
16.Rae1 Nf6 17.Qb3 Qc7 18.Bxe5 Rxe5 19.Nc4 Re7 20.Bd3 Bd7 21.Qb6 Qxb6 22.Nxb6 Rd8
23.Ra1 Be8 24.Ra3 Nd7 25.Rb3 Nxb6 26.Rxb6 Bf7 27.Rd1 Be5 28.Bc4 Be8 29.a5 Kg7
30.Ne2 Rc7 31.g4 fxg4 32.hxg4 g5 33.f4 Bf6 34.Ng3 Bg6 35.f5 Be8 36.Ne4 Re7
37.Nxd6 Rdd7 38.Kf2 h5 39.Nxe8+ Rxe8 40.gxh5 Red8  1-0